Guidance notes for surveyors acting as arbitrators or as independent experts in rent reviews. (Record no. 93305)

MARC details
000 -LEADER
fixed length control field 00893cam a2200265 4500
008 - FIXED-LENGTH DATA ELEMENTS--GENERAL INFORMATION
fixed length control field 090401t1991 xxu||||| |||| 00| 0 eng d
020 ## - INTERNATIONAL STANDARD BOOK NUMBER
International Standard Book Number 0854065024
035 ## - SYSTEM CONTROL NUMBER
System control number (Sirsi) u53606
041 ## - LANGUAGE CODE
Language code of text/sound track or separate title eng
050 ## - LIBRARY OF CONGRESS CALL NUMBER
Classification number 347.4109
090 ## - LOCALLY ASSIGNED LC-TYPE CALL NUMBER (OCLC); LOCAL CALL NUMBER (RLIN)
Classification number (OCLC) (R) ; Classification number, CALL (RLIN) (NR) RICS 1991/32ABCD
110 ## - MAIN ENTRY--CORPORATE NAME
Corporate name or jurisdiction name as entry element Royal Institution of Chartered Surveyors
9 (RLIN) 4900
245 ## - TITLE STATEMENT
Title Guidance notes for surveyors acting as arbitrators or as independent experts in rent reviews.
250 ## - EDITION STATEMENT
Edition statement 5th ed.
260 ## - PUBLICATION, DISTRIBUTION, ETC.
Place of publication, distribution, etc. London
Name of publisher, distributor, etc. RICS Books
Date of publication, distribution, etc. 1991
300 ## - PHYSICAL DESCRIPTION
Extent 42p.; 30cm.
350 ## - PRICE (NR) (BK AM CF MU VM SE) [OBSOLETE]
Price 16.5
520 ## - SUMMARY, ETC.
Summary, etc. SUPERSEDED: Replaced by 6th edition (RICS 1993/54).
650 ## - SUBJECT ADDED ENTRY--TOPICAL TERM
Topical term or geographic name entry element MANAGEMENT-DISPUTE AVOIDANCE, MANAGEMENT AND RESOLUTION-DISPUTE MANAGEMENT AND RESOLUTION-ARBITRATION
650 ## - SUBJECT ADDED ENTRY--TOPICAL TERM
Topical term or geographic name entry element EXPERT WITNESSES
650 ## - SUBJECT ADDED ENTRY--TOPICAL TERM
Topical term or geographic name entry element RENT REVIEWS
690 ## - LOCAL SUBJECT ADDED ENTRY--TOPICAL TERM (OCLC, RLIN)
Topical term or geographic name as entry element MANAGEMENT-BUSINESS MANAGEMENT-PROFESSIONAL PRACTICE
942 ## - ADDED ENTRY ELEMENTS (KOHA)
Suppress in OPAC 0
948 ## - LOCAL PROCESSING INFORMATION (OCLC); SERIES PART DESIGNATOR (RLIN)
c (OCLC) 04/03/1997
Holdings
Withdrawn status Lost status Source of classification or shelving scheme Damaged status Not for loan Home library Current library Shelving location Date acquired Cost, normal purchase price Total Checkouts Full call number Barcode Date last seen Copy number Cost, replacement price Price effective from Koha item type Date last checked out
    Dewey Decimal Classification     London London RICS Boxes 01/10/1991 16.50   RICS 1991/32 30029369 06/08/2019 1 16.50 06/08/2019 Archive  
    Dewey Decimal Classification     London London RICS Boxes 01/10/1991 16.50   RICS 1991/32 30029370 06/08/2019 2 16.50 06/08/2019 Reference material  
    Dewey Decimal Classification     London London RICS Boxes 01/10/1991 16.50 1 RICS 1991/32 30029371 06/08/2019 3 16.50 06/08/2019 Book 18/06/2001
    Dewey Decimal Classification     London London RICS Boxes 01/10/1991 16.50 1 RICS 1991/32 30029372 06/08/2019 4 16.50 06/08/2019 Book 27/09/2000